Statistics for Household Item/Term Unscramble

Click here to take the quiz!

General Stats

  • This quiz has been taken 142 times
  • The average score is 24 of 48

Answer Stats

HintAnswer% Correct
gurRug
100%
haicrChair
97%
ksinSink
97%
aosfSofa
95%
edbBed
93%
gsslaGlass
86%
umgMug
86%
baletTable
86%
wdowniWindow
86%
arcCar
84%
ordoDoor
81%
hattbubBathtub
80%
morrirMirror
78%
kedsDesk
71%
coskSock
70%
venoOven
65%
lirglGrill
63%
rewoshShower
63%
gdoDog
55%
ohesShoe
49%
ykseKeys
48%
shashwiderDishwasher
45%
litteoToilet
44%
talpePlate
43%
noisiveletTelevision
42%
rofkFork
40%
rithsShirt
40%
aposSoap
38%
thickenKitchen
37%
geargaGarage
35%
votesStove
35%
chcuoCouch
34%
nohpePhone
34%
sfih kantFish Tank
33%
baggerGarbage
31%
traissStairs
29%
medboorBedroom
28%
brootshuthToothbrush
28%
hasrewWasher
28%
putmeorcComputer
27%
yrredDryer
26%
noottmaOttoman
26%
gnitianpPainting
15%
niacebtCabinet
14%
rrrrgeeatifoRefrigerator
9%
meantebsBasement
6%
nergedGarden
2%
eastvoleLoveseat
1%

Score Distribution

Percentile by Number Answered

Percent of People with Each Score

Your Score History

You have not taken this quiz